Culture Générale - Série 515 - Statistiques

Statistiques générales
  • Ce quiz a été pris 166 fois
  • Le résultat moyen est 7 sur 10
Statistiques - réponses
Question Réponse % Correct
Quel animal est Félix, le héros de dessin animé créé par Pat Sullivan et Otto Messmer ? chat
92%
En grammaire, quelle est la nature du dernier mot dans la phrase : "Elle marche doucement" ? adverbe
87%
Dans un jeu de cartes, quelles figures sont David et César ? rois
84%
Quelle héroïne de dessin animé possède un sac à dos qui parle et qui chante ? Dora
83%
Dans quelle mer peut-on se baigner en Pologne ? mer Baltique
70%
Complétez le titre de cette chanson de Maurice Chevalier en 1921 : "Dans la vie faut pas... s'en faire
61%
Quel élément chimique est symbolisé par la lettre S ? soufre
59%
Quel chanteur français est l'interprète du titre "Holidays" en 1972 ? Michel Polnareff
41%
Avec qui Carlos chante-t-il "2 minutes 35 de bonheur" en 1967 ? Sylvie Vartan
41%
Quel comédien incarne Sauveur Giordano dans la série télévisée du même nom ? Pierre Arditi
40%
Aucun quiz correspondant
Distribution des résultats
% des personnes avec chaque résultat
Percentile par nombre de réponses
Votre historique - résultats
Vous n’avez pas pris ce quiz